000 00338nam a22001217a 4500
008 190313b xxu||||| |||| 00| 0 eng d
041 _aeng
080 _a043.3
100 _a0
101 _aMBE-MTH
245 _aNdikimi i normave të interesit në investime në Kosovë pas krizës financiare 2008-2018
_cRatkoceri,K.M
942 _2udc
_cBK
999 _c54740
_d54740